000 01507nam a2200373 i 4500
999 _c3436
_d3436
001 on1014380667
003 OCoLC
005 20240120114928.0
008 181016s2018 nyua j 6 000 1 eng d
020 _a9780735231245
040 _aDLC
_beng
_erda
_cDLC
_dOCLCO
_dORX
_dOCLCF
_dQX9
_dJNE
_dUAP
_dNGP
_dVP@
_dNYP
_dLNC
_dCaOL
_dKH8
082 _a741.5973 ELI
100 1 _aEliopoulos, Chris,
_eauthor,
_eillustrator.
245 1 0 _aMonster mayhem /
_ca Christopher Eliopoulos production ; colored by Rebecca Nalty.
264 1 _aNew York :
_bDial Books for Young Readers,
_c[2018]
264 4 _c©2018.
300 _a212 pages :
_bcolour illustrations ;
_c22 cm.
336 _atext
_btxt
_2rdacontent.
336 _astill image
_2rdacontent.
337 _aunmediated
_bn
_2rdamedia.
338 _avolume
_bnc
_2rdacarrier.
500 _a"An awesome sci-fi adventure"--Cover.
500 _a"Full of thrills (and laughs too)!"--Cover.
520 _aScience-obsessed Zoe finds herself trapped in one of her favorite monster movies and needs to invent her way out of a disaster while also saving the monster who has become her friend.
650 0 _aRobotics
_vJuvenile fiction.
650 0 _aMonsters
_vJuvenile fiction.
650 0 _aGenius
_vJuvenile fiction.
650 0 _aPreteen girls
_vJuvenile fiction.
650 7 _aScience fiction.
_2genre.
650 7 _aAction and adventure fiction.
_2lcgft
_2genre.
650 7 _aGraphic novels.
_2genre.
700 1 _aNalty, Rebecca,
_ecolorist.
942 _2ddc
_cFIC